000 00352 a2200169 4500
001 189131
020 _a85-16-04132-8
040 _cMagnum
100 _aBelinky,tatiana
240 1 0 _aO caso do bolinho
_lpor
245 1 0 _aO caso do bolinho
300 _a32
362 0 _a2010
440 1 _aModerna
697 _aLITERATURA INFANTO
942 _cBK
999 _c189131
_d189131